Slovník základních výrazů ze strojírenství česko-anglicko-francouzsko-španělský
Gespeichert in:
| Format: | Buch |
|---|---|
| Sprache: | Tschechisch Englisch Französisch Spanisch |
| Veröffentlicht: |
Praha
Státní pedagogické nakladatelství
1984
|
| Tags: |
Keine Tags, Fügen Sie das erste Tag hinzu!
|
MARC
| LEADER | 00000nam a2200000 4500 | ||
|---|---|---|---|
| 001 | c105946 | ||
| 005 | 20260202103110.3 | ||
| 041 | 0 | |a cze | |
| 041 | 0 | |a eng | |
| 041 | 0 | |a fre | |
| 041 | 0 | |a spa | |
| 044 | |a CZ | ||
| 245 | 1 | 0 | |a Slovník základních výrazů ze strojírenství |b česko-anglicko-francouzsko-španělský |c Vladimír Vinklář, Václav Vlasák, Vladimír Rejzek |
| 264 | 1 | |a Praha |b Státní pedagogické nakladatelství |c 1984 | |
| 300 | |a 279 s. | ||